000 00435nam a2200169 4500
001 137085
003 ES-MaACL
005 20230906195316.0
007 t|
008 070214s1960 sp r ||||1| spa d
100 1 _aSalvador, Tomás.
_9102080
245 1 3 _aEl agitador /
_cTomás Salvador.
250 _a1ª. ed.
260 _aBarcelona :
_bDestino,
_c1960.
300 _a278 p. ;
_c18 cm.
852 _aES-MaACL
_jC-18713
_bR.46850
999 _c137085
_d137085